| 000 | 00982cac a2200253 a 4500 | ||
|---|---|---|---|
| 003 | CO-PeBPM | ||
| 005 | 20250720165623.0 | ||
| 007 | ta | ||
| 008 | 250720s2021 ck a|||| |||| 00| 0 spa d | ||
| 020 | _aISBN: 9789584951892 | ||
| 040 |
_aCO-PeBPM _bspa _cCO-PeBPM _erda |
||
| 041 | _aspa | ||
| 082 | 0 | 4 |
_a152.4 M828m _222 |
| 100 | 1 |
_aMorales Baez, Liz Andrea _eautora |
|
| 245 | 1 | 0 |
_a El milagro de ser tú _b: El secreto de las emociones como lenguaje del alma. Tres claves para educar tu conciencia emocional _c/ Liz Andrea Morales Baez |
| 260 |
_a Lugar de publicación no identificado _b : editor no identificado _c, 2021 |
||
| 300 |
_a211 páginas _bFotografías, ilustraciones en blanco y negro _c21 centímetros |
||
| 500 | _aIncluye índice | ||
| 650 | 1 | 4 |
_a Autorrealización (Psicología) _2LEMB |
| 650 | 1 | 4 |
_aConciencia emocional _2LEMB |
| 650 | 1 | 4 |
_aInteligencia emocional _2LEMB |
| 942 |
_2ddc _cBK _n0 |
||
| 999 |
_c61046 _d61046 |
||